000
00281nam a22001217a 4500
008
160503b xxu||||| |||| 00| 0 eng d
020
_a
9781608314218
020
_a
1608314219
041
_a
eng
080
_a
61
245
_a
Surgical Recall:
_c
Lome H. Blackboume;
942
_2
udc
_c
BK
999
_c
1752
_d
1752